000 00983nas a2200313 4500
001 BR2014005978
003 BR-BrBNA
005 20231205124531.0
007 ta
008 230509b bl.|||p| |||| 00| 00por d
040 _aBR-BrBNA
_bpor
_cBiblioteca Nacional de Agricultura
041 _a(Pt)
072 _aM12
100 1 _aMarcontonio, A.S.
100 1 _aFerreira, C.M.
100 1 _aFrança, F.M.
100 1 _aDias, D.C.
100 1 _aTeixeira, P.C.
100 1 _aRanzani-Paiva, M.J.T.
245 1 _aToxicidade do sulfato de zinco para girinos de rã-touro (Lithobates catesbeianus): toxicidade aguda, crônica e parâmetros hematológicos
650 _aRÃ TOURO
650 _aGIRINO
650 _aTOXIDEZ
650 _aSULFATO DE ZINCO
650 _aHEMATOLOGIA
773 0 _tBoletim do Instituto de Pesca (Brazil)
_xISSN 0046-9939
_g(Apr-Jun 2011), v. 37(2) p. 143-154
_wBR2014005978
909 _a202311
_bLúcia
_c55
_dLúcia Elande
942 _2AGRIS
_n0
_cANA
999 _c239576
_d239576